| 000 | 00549nam a22001817a 4500 | ||
|---|---|---|---|
| 003 | OSt | ||
| 005 | 20250612124905.0 | ||
| 008 | 250612b |||a|||| |||| 00| 0 spa d | ||
| 020 | _a9583373850 | ||
| 037 | _bDonación | ||
| 040 |
_aCO-JMCR _cCO-JMCR _bspa _dCO-JMCR _erda |
||
| 041 | 0 | _aspa | |
| 082 | 0 | 4 |
_a384.04 _bM53 _223 |
| 245 | 0 | 0 |
_aMemorias de la liquidación de Telecom : _bjunio de 2003 - diciembre de 2004 / |
| 260 |
_aBogotá : _bTelecom en Liquidación, _c2005. |
||
| 300 |
_a223 páginas : _bilustraciones ; _c24 cm. |
||
| 942 |
_2ddc _cBK |
||
| 999 |
_c31005 _d17389 |
||